| 000 | 00450nam a2200181Ia 4500 | ||
|---|---|---|---|
| 008 | 230725s1986 xx 000 0 und d | ||
| 041 | _aeng | ||
| 082 |
_a543.89 _bWIL/MER |
||
| 100 | _aWILLARD MERRITT | ||
| 245 | _aINSTRUMENTAL METHODS OF ANALYSIS | ||
| 260 |
_aDELHI _bC.B.S. PUBLISHERS & DISTRUTORS _c1986 |
||
| 300 | _a1032 | ||
| 365 | _h15% | ||
| 500 | _aTEXT BOOK | ||
| 501 | _aPA | ||
| 520 | _aPB | ||
| 650 | _aPHARMACEUTICAL ANALYSIS | ||
| 999 |
_c767164 _d767164 |
||